| 000 | 00369nam a2200145Ia 4500 | ||
|---|---|---|---|
| 008 | 230917s9999||||xx |||||||||||||| ||und|| | ||
| 040 |
_e5008366 _aMAIN |
||
| 041 | _aEnglish | ||
| 082 | _a333.9130954558 M749I | ||
| 100 | _aMonica | ||
| 245 | 0 | _aIrrigation development and changing productivity levels in Haryana | |
| 260 | _c2019 | ||
| 300 | _ax, 223 p. | ||
| 942 | _cBK | ||
| 999 |
_c9880 _d9880 |
||